Clic Quel pays d'Europe (hors UE) a ce point culminant ? - Statistiques

Statistiques générales
  • Ce quiz a été pris 13 fois
  • Le résultat moyen est 11 sur 24
Statistiques - réponses
Hint Extra Hint Réponse % Correct
Hvannadalshnjúkur 2119 m Islande
91%
Galdhøpiggen 2469 m Norvège
82%
Ben Nevis 1345 m Royaume-Uni
73%
Khan Tengri 6995 m Kazakhstan
64%
Mont Ararat 5165 m Turquie
64%
Aragats 4095 m Arménie
55%
Grauspitz 2599 m Liechtenstein
55%
Mont Elbrouz 5633 m Russie
55%
Pointe Dufour 4634 m Suisse
55%
Colline du *** 75 m Vatican
55%
Chemin des Révoires 163 m Monaco
45%
Mont Titano 755 m Saint-Marin
45%
Bazarduzu Dagi 4485 m Azerbaïdjan
36%
Chkhara 5193 m Géorgie
36%
Coma Pedrosa 2946 m Andorre
27%
Mont de Dzerjinski 345 m Biélorussie
27%
Titov Vrv 2753 m Macédoine
27%
Pic de Miron 430 m Moldavie
27%
Bobotov Kuk 2528 m Monténégro
27%
Midzor 2169 m Serbie
27%
Hoverla 2061 m Ukraine
27%
Pic Korab 2764 m Albanie
18%
Maglic 2386 m Bosnie-Herzégovine
18%
Gjeravica 2656 m Kosovo
18%
Aucun quiz correspondant
Distribution des résultats
% des personnes avec chaque résultat
Percentile par nombre de réponses
Votre historique - résultats
Vous n’avez pas pris ce quiz